000 00553nam a2200169Ia 4500
008 230917s9999||||xx |||||||||||||| ||und||
020 _cRS250
040 _e227504
_aMAIN
041 _aEnglish
082 _a891.437741 AS65T
100 _aअग्निहोत्री, सतीश
245 0 _aतहँ तहँ भ्रष्टाचार
260 _aनई दिल्ली
_bराजकमल प्रकाशन
_c2014
300 _a143 पृ. p.
500 _a2080 13/08/2015 RKP15/3933 22/08/2015 Main Budget
942 _cBK
999 _c15543
_d15543